[Event "Asuncion Clasificatorio op 6th"]
[Site "Asuncion"]
[Date "2017.08.05"]
[Round "3.9"]
[White "Avalos Arguello, Jose Mathias"]
[Black "Fretes, Cesar"]
[Result "1-0"]
[WhiteElo "1714"]
[BlackElo "1433"]
[PlyCount "117"]
[EventDate "2017.08.04"]
[EventType "swiss"]
[EventRounds "7"]
[EventCountry "PAR"]
[SourceTitle "EXT 2023"]
[Source "ChessBase"]
[SourceDate "2022.10.05"]
[SourceVersion "1"]
[SourceVersionDate "2022.10.05"]
[SourceQuality "1"]

1. d4 e6 2. c4 Bb4+ 3. Bd2 Bxd2+ 4. Qxd2 Nf6 5. Nc3 b6 6. e4 h6 7. e5 Nh7 8. h4 Bb7 9. Nf3 d5 10. 0-0-0 a5 11. Qc2 Qe7 12. cxd5 Bxd5 13. Bb5+ c6 14. Nxd5 Qb7 15. Bd3 cxd5 16. Bxh7 Na6 17. Qa4+ b5 18. Qb3 Rxh7 19. Kb1 0-0-0 20. Qc3+ Kb8 21. Qxa5 Rhh8 22. Rc1 Rc8 23. Rhe1 Rc4 24. b3 Rxc1+ 25. Rxc1 Rc8 26. Rxc8+ Kxc8 27. Qa3 b4 28. Qa4 Nc7 29. Ne1 Qb5 30. Qxb5 Nxb5 31. Nc2 Nc3+ 32. Kb2 Nd1+ 33. Kc1 Nxf2 34. Nxb4 Kb7 35. Kc2 Ng4 36. Kd2 Nf2 37. Ke3 Ne4 38. Nd3 Kc6 39. a4 Kb6 40. Nc1 Ka5 41. Na2 Ng3 42. Nc3 Nf5+ 43. Kd3 Nxh4 44. g3 Nf5 45. g4 Ne7 46. Nb5 Nc8 47. Nd6 Nxd6 48. exd6 Kb6 49. a5+ Kc6 50. a6 Kxd6 51. a7 Ke7 52. a8Q Kf6 53. Qd8+ Kg6 54. b4 h5 55. gxh5+ Kxh5 56. b5 g5 57. Qh8+ Kg6 58. b6 f5 59. b7 1-0

[Event "Asuncion Clasificatorio op 6th"]
[Site "Asuncion"]
[Date "2017.07.22"]
[Round "?"]
[White "Benitez Irazusta, Eduardo A"]
[Black "Fretes, Cesar"]
[Result "1-0"]
[WhiteElo "1742"]
[BlackElo "1437"]
[PlyCount "45"]
[EventDate "2017.07.21"]
[EventType "swiss"]
[EventRounds "7"]
[EventCountry "PAR"]
[SourceTitle "EXT 2023"]
[Source "ChessBase"]
[SourceDate "2022.10.05"]
[SourceVersion "1"]
[SourceVersionDate "2022.10.05"]
[SourceQuality "1"]

1. e4 e5 2. Nf3 Nc6 3. Bc4 Bc5 4. 0-0 d6 5. c3 Bg4 6. b4 Bb6 7. a4 a6 8. d3 Qf6 9. Nbd2 Nge7 10. h3 Bh5 11. Bb3 g5 12. g4 Bg6 13. Nc4 h5 14. Bxg5 Qg7 15. Nxb6 cxb6 16. Nh4 hxg4 17. Qxg4 Bh5 18. Qg3 Be2 19. Rfe1 Bxd3 20. Bxe7 Qxg3+ 21. fxg3 Nxe7 22. Rad1 Bxe4 23. Rxe4 1-0

[Event "PAR-ch op"]
[Site "Asuncion"]
[Date "2016.10.22"]
[Round "2"]
[White "Heinechen, John"]
[Black "Fretes, Cesar"]
[Result "1-0"]
[WhiteElo "1918"]
[BlackElo "1458"]
[PlyCount "49"]
[EventDate "2016.10.21"]
[EventType "swiss"]
[EventRounds "9"]
[EventCountry "PAR"]
[SourceTitle "EXT 2018"]
[Source "ChessBase"]
[SourceDate "2017.10.13"]
[SourceVersion "1"]
[SourceVersionDate "2017.10.13"]
[SourceQuality "1"]

1. e4 e5 2. Bc4 Bc5 3. Nc3 d6 4. Nge2 Nc6 5. d3 Nd4 6. Be3 Nxe2 7. Qxe2 Bb6 8. 0-0-0 Be6 9. Bxe6 fxe6 10. Qh5+ g6 11. Qh3 Qd7 12. Bg5 Ne7 13. f4 exf4 14. e5 Be3+ 15. Kb1 Nd5 16. Ne4 Rf8 17. c4 Nb4 18. d4 Rf5 19. Nf6+ Rxf6 20. Bxf6 h5 21. g3 Kf7 22. d5 Re8 23. a3 Nc6 24. gxf4 Nxe5 25. fxe5 1-0

[Event "Asuncion op"]
[Site "Asuncion"]
[Date "2015.10.11"]
[Round "3"]
[White "Fretes, Cesar"]
[Black "Encina, Alfred"]
[Result "1/2-1/2"]
[WhiteElo "1474"]
[BlackElo "1806"]
[PlyCount "75"]
[EventDate "2015.10.08"]
[EventType "swiss"]
[EventRounds "9"]
[EventCountry "PAR"]
[SourceTitle "CBM 168 Extra"]
[Source "ChessBase"]
[SourceDate "2015.10.29"]
[SourceVersion "1"]
[SourceVersionDate "2015.10.29"]
[SourceQuality "1"]

1. e4 c5 2. Nf3 Nc6 3. c3 e5 4. Bb5 Nge7 5. d3 a6 6. Bxc6 Nxc6 7. Be3 Be7 8. Nbd2 0-0 9. 0-0 d5 10. exd5 Qxd5 11. Nc4 Qe6 12. Qb3 b5 13. Nb6 Qxb3 14. axb3 Ra7 15. Nxc8 Rxc8 16. b4 f5 17. Rfe1 e4 18. dxe4 fxe4 19. Nd2 Rd7 20. bxc5 b4 21. Nxe4 bxc3 22. Nxc3 Nb4 23. Red1 Rdc7 24. Nd5 Nxd5 25. Rxd5 Bxc5 26. Bxc5 Rxc5 27. Rxc5 Rxc5 28. g3 a5 29. Kg2 Rb5 30. h4 Kf7 31. Kf3 Kf6 32. Ra2 h5 33. Ke3 Ke5 34. f4+ Kf5 35. Kf3 Rb3+ 36. Kg2 Kg4 37. Rxa5 Rxb2+ 38. Kf1 1/2-1/2

[Event "Asuncion Clasificatorio op 4th"]
[Site "Asuncion"]
[Date "2015.08.15"]
[Round "3.16"]
[White "Fretes, Cesar"]
[Black "Ocampos, Martin Carlos"]
[Result "0-1"]
[WhiteElo "1467"]
[BlackElo "1685"]
[PlyCount "84"]
[EventDate "2015.08.14"]
[EventType "swiss"]
[EventRounds "7"]
[EventCountry "PAR"]
[SourceTitle "EXT 2023"]
[Source "ChessBase"]
[SourceDate "2022.10.05"]
[SourceVersion "1"]
[SourceVersionDate "2022.10.05"]
[SourceQuality "1"]

1. e4 c5 2. Nf3 Nc6 3. Bb5 Nd4 4. Be2 g6 5. c3 Nxf3+ 6. Bxf3 Bg7 7. d3 Nf6 8. Be3 d6 9. Qd2 0-0 10. 0-0 Bg4 11. Bxg4 Nxg4 12. Qc2 d5 13. Qe2 Nxe3 14. Qxe3 d4 15. Qd2 Qd7 16. c4 f5 17. Re1 f4 18. f3 e5 19. a4 Bf6 20. Qa5 b6 21. Qb5 Qd6 22. Qb3 a5 23. Na3 g5 24. Nb5 Qd7 25. h3 h5 26. Qd1 Rf7 27. Rf1 Rg7 28. Kf2 Kf7 29. Rg1 g4 30. hxg4 hxg4 31. Rh1 gxf3 32. Qxf3 Rag8 33. Rag1 Rg3 34. Rh7+ Bg7 35. Qh5+ Kf8 36. Qxe5 Bxe5 37. Rxd7 Rxd3 38. Nd6 Bxd6 39. Rxd6 Rd2+ 40. Kf3 Rxb2 41. Kxf4 Ke7 42. Rh6 Rf2+ 0-1

[Event "Asuncion Clasificatorio op 3rd"]
[Site "Asuncion"]
[Date "2015.07.18"]
[Round "2.13"]
[White "Cantero, Rodolfo"]
[Black "Fretes, Cesar"]
[Result "1-0"]
[WhiteElo "1867"]
[BlackElo "1467"]
[PlyCount "87"]
[EventDate "2015.07.17"]
[EventType "swiss"]
[EventRounds "7"]
[EventCountry "PAR"]
[SourceTitle "EXT 2023"]
[Source "ChessBase"]
[SourceDate "2022.10.05"]
[SourceVersion "1"]
[SourceVersionDate "2022.10.05"]
[SourceQuality "1"]

1. e4 e5 2. Nf3 Nc6 3. Bb5 d6 4. d4 exd4 5. Nxd4 Bd7 6. 0-0 Nxd4 7. Bxd7+ Qxd7 8. Qxd4 Nf6 9. Nc3 Be7 10. h3 0-0 11. Be3 a6 12. Rad1 Rad8 13. a4 h6 14. a5 Nh7 15. f4 Qc6 16. Qd5 Rfe8 17. Qxc6 bxc6 18. Kf2 Rb8 19. b3 Rb4 20. Rd4 Rxd4 21. Bxd4 Bf6 22. Ke3 c5 23. Bxf6 Nxf6 24. Rd1 Nxe4 25. Nxe4 f5 26. Rd5 Rxe4+ 27. Kf3 g6 28. g4 Rd4 29. Rxd4 cxd4 30. gxf5 gxf5 31. Ke2 Kf7 32. Kd3 c5 33. b4 cxb4 34. Kc4 Ke6 35. Kxd4 h5 36. h4 Kd7 37. Kd5 Kc7 38. Ke6 Kc6 39. Kxf5 Kb5 40. Ke6 Kc4 41. f5 Kc3 42. f6 Kxc2 43. f7 b3 44. f8Q 1-0